| 000 | 00398nam a2200145Ia 4500 | ||
|---|---|---|---|
| 008 | 230917s9999||||xx |||||||||||||| ||und|| | ||
| 040 |
_e39074 _aMAIN |
||
| 041 | _aEnglish | ||
| 082 | _a822.08 H363A | ||
| 100 | _aHeilman, Robert B, ed. | ||
| 245 | 0 | _aAnthology of English drama before Shakespeare | |
| 260 |
_aNew York _bHalt Rinechart and Winston _c1966 |
||
| 300 | _axxi, 405 p. | ||
| 942 | _cBK | ||
| 999 |
_c142357 _d142357 |
||